000 00650nam a22001937a 4500
005 20131218115202.0
010 _aENG-108864
020 _a9788192563640
_c1195.00
035 _aEN-92397
037 _bDBAD/PUB
082 _a363.738740954
245 _aGlobal climate change and environmental issues /
_cedited by Suman Kalyan Chaudhury
260 _aNew Delhi
_bS.K. Book Agency
_c2013
270 _a5A/12, Ansari Road Daryaganj
_bNew Delhi
_e110002
300 _aviii,312p.
_c22cm(Hb)
500 _aIncludes bibliographical references and index
700 _aChaudhury, Suman Kalyan
942 _2ddc
_cEN
_mGLO
_h363.738740954
999 _c81219
_d81219